Aplicaciones de las operaciones unitarias en la tecnología del alimento

En este trabajo se realizo la evaluaccion del sector productivo de la inuistria alimentaria del pais y se estructuró material monograficos.

Bibliographic Details
Main Authors: Díaz Mora, Norah., Navarrete Jiménez, Rolando
Other Authors: Tutor: De la Torre, Irma
Format: Tesis Section = Libro
Language:Undetermined
Spanish
Published: Managua UNI 1985
Subjects:
LEADER 00796nam a2200217Ia 4500
008 240830s9999 xx 000 0 und d
040 |a CEDOC DACA-RUSB / Mon 664 D542 
041 |a spa 
082 |a Mon 664 D542 
100 1 |a Díaz Mora, Norah. 
100 1 |b Navarrete Jiménez, Rolando 
245 1 0 |a Aplicaciones de las operaciones unitarias en la tecnología del alimento 
260 |a Managua  |b UNI  |c 1985 
502 |a Tesis (Ingeniero Químico Industrial) -UNI, 1985. 
520 3 |a En este trabajo se realizo la evaluaccion del sector productivo de la inuistria alimentaria del pais y se estructuró material monograficos. 
650 7 |a TECNOLOGIA DE ALIMENTOS 
650 7 |b  OPERACIONES UNITARIAS 
700 1 |a Tutor:  |b De la Torre, Irma 
942 |c BK  |2 ddc 
991 |a TESIS 
999 |c 26282